| 000 | 00710nam a2200181 a 4500 | ||
|---|---|---|---|
| 001 | 000029511 | ||
| 005 | 20200930055613.0 | ||
| 008 | 110418s1974 dr 000 0 spa d | ||
| 040 |
_aDO-SdBNP _bspa _cBNPHU |
||
| 100 | 1 |
_aBonelly de Calventi, Idelisa _956370 |
|
| 245 | 1 | 0 |
_aEvaluación del método por destilación con xilol para determinar la humedad en el pescado seco / _cIdelisa Bonelly de Calventi, Nirva Núñez de Ricart, Sophie Jakawska. |
| 260 |
_a[Santo Domingo] : _bCentro de Investigaciones de Biología Marina, _c1974. |
||
| 300 |
_a15 p. : _bil. ; _c21 cm. |
||
| 504 | _aBibliografía : p. 15 | ||
| 700 | 1 |
_aNúñez de Ricart, Nirva _956005 |
|
| 700 | 1 |
_aJakawska, Sophie _956371 |
|
| 049 | _aBNPD | ||
| 999 |
_c29003 _d29003 |
||